000 00575nam a2200193Ia 4500
003 GCL
005 20240530104348.0
008 140319s9999 xx 000 0 ara d
040 _aGCL /
_cGCL
082 0 4 _a320.5
_bل ن
100 1 _aلاسكى، هارولد
245 1 0 _aنظرات فى ثورة عصرنا الحاضر /
_cلاسكى، هارولد
_nالجزء الثانى
300 _a383 ص
490 _aاخترنا لك
_v79
650 0 4 _aالاشتراكية
650 0 4 _aالمذاهب السياسية
650 0 4 _aالفاشية
942 _2ddc
_cBK
999 _c46850
_d46850